What the Ladybird Heard at the Seaside / (Record no. 49600)
| 000 -LEADER | |
|---|---|
| fixed length control field | 01107nam a2200157 4500 |
| 020 ## - INTERNATIONAL STANDARD BOOK NUMBER | |
| International Standard Book Number | 9781035049165 |
| 100 ## - MAIN ENTRY--PERSONAL NAME | |
| Personal name | Donaldson, Julia, |
| Relator term | author. |
| 9 (RLIN) | 45441 |
| 245 ## - TITLE STATEMENT | |
| Title | What the Ladybird Heard at the Seaside / |
| Statement of responsibility, etc | by Julia Donaldson, Illustrated by Lydia Monks. |
| 260 ## - PUBLICATION, DISTRIBUTION, ETC. (IMPRINT) | |
| Place of publication, distribution, etc | London, UK.; |
| Name of publisher, distributor, etc | Macmillan Children's Books: |
| Date of publication, distribution, etc | 2025. |
| 300 ## - PHYSICAL DESCRIPTION | |
| Extent | 32 pages. |
| 490 ## - SERIES STATEMENT | |
| Series statement | What the ladybird heard |
| 500 ## - GENERAL NOTE | |
| General note | Join everyone's favourite crime-busting ladybird on a trip to the seaside! This brilliant rhyming adventure from the bestselling picture-book partnership of Julia Donaldson and Lydia Monks features a cast of wonderful sea creatures – including a magical mermaid – and plenty of beach fun!<br/><br/>The clever little ladybird is off on a trip to the seaside, but those two bad men, Hefty Hugh and Lanky Len, are up to their wicked ways again. This time they're planning to steal the mermaid's hair and sell it to a famous star. Luckily, the crime-busting ladybird has a clever plan to stop the thieves |
| 650 ## - SUBJECT ADDED ENTRY--TOPICAL TERM | |
| 9 (RLIN) | 17148 |
| Topical term or geographic name as entry element | Stories in rhyme. |
| 650 ## - SUBJECT ADDED ENTRY--TOPICAL TERM | |
| 9 (RLIN) | 46707 |
| Topical term or geographic name as entry element | Thieves |
| Form subdivision | Juvenile fiction. |
| 942 ## - ADDED ENTRY ELEMENTS (KOHA) | |
| Source of classification or shelving scheme | |
| Koha item type | Book |
| Withdrawn status | Lost status | Source of classification or shelving scheme | Damaged status | Not for loan | Home library | Current library | Date acquired | Total Checkouts | Full call number | Barcode | Date last seen | Date checked out | Price effective from | Koha item type |
|---|---|---|---|---|---|---|---|---|---|---|---|---|---|---|
| Logos International School | Logos International School | 10/02/2025 | 4 | E DON | 041769 | 03/05/2026 | 02/26/2026 | 10/02/2025 | Book |